| 000 | 00553nam a22001937a 4500 | ||
|---|---|---|---|
| 999 |
_c525932 _d525932 |
||
| 003 | NUST | ||
| 005 | 20190705111050.0 | ||
| 008 | 190705b ||||| |||| 00| 0 eng d | ||
| 038 | _aMr.Atta | ||
| 082 | _a510 | ||
| 100 |
_aBashir, Hina _916882 |
||
| 245 |
_aLower and Upper Solution Method for Singular System / _cHina Bashir |
||
| 260 |
_aIslamabad : _bCAMP - NUST, _c2013. |
||
| 300 |
_aiv, 39 p. ; _c30cm. |
||
| 500 | _aHardcover. | ||
| 650 |
_aMathematics - M.Phil Thesis _916594 |
||
| 700 |
_aDr. Naseer Ahmad Asif _916883 |
||
| 942 |
_2ddc _cTHE |
||